[Event "Winter 2018 CCCSA-GM B"]
[Site "Charlotte"]
[Date "2018.01.11"]
[Round "2"]
[White "Ostrovskiy, Aleksandr"]
[Black "Khamrakulov, Djurabek"]
[Result "1/2-1/2"]
[WhiteElo "2391"]
[BlackElo "2498"]
[Annotator "TA"]
[PlyCount "191"]
[EventDate "2018.01.11"]
[EventType "tourn"]
[EventCountry "USA"]
[SourceTitle "playchess.com"]
[Source "ChessBase"]
[SourceQuality "1"]

{[%evp 23,191,0,38,33,41,37,45,44,40,59,56,25,33,7,11,0,39,43,49,49,107,41,41,42,48,39,60,61,73,67,75,64,58,40,102,43,94,40,88,29,68,48,51,50,68,34,61,54,54,0,61,39,44,35,35,40,68,39,34,35,35,33,34,0,73,0,87,70,80,54,96,0,57,35,37,37,44,44,80,0,0,0,78,30,57,57,57,58,68,0,58,0,62,0,94,46,85,83,80,79,120,131,212,219,301,274,271,254,388,110,108,102,108,102,102,109,100,89,96,89,125,89,133,0,125,125,129,125,125,125,168,143,448,373,279,93,5046,4602,4151,568,568,568,564,560,560,306,552,515,468,8,8,0,0,0,0,0,0,0,0,0,0,0,0,0,0,0,0,0,0,0]} 1. e4 c6 2. d4 d5 3. Nc3 dxe4 4. Nxe4 Bf5 5. Ng3 Bg6 6. h4 h6 7. Nf3 Nd7 8. h5 Bh7 9. Bd3 Bxd3 10. Qxd3 e6 11. Bd2 Ngf6 12. O-O-O Bd6 13. Kb1 {B19: Classical Caro-Kann: 4...Bf5 main line} Qb6 14. Ne4 Nxe4 15. Qxe4 {[#] White is slightly better.} Qb5 $146 ({Predecessor:} 15... Nf6 16. Qe2 Qb5 17. c4 Qf5+ 18. Ka1 O-O-O 19. Rh4 Rhe8 20. Re1 Qc2 {0-1 (37) Predke,A (2530)-Riazantsev,A (2688) Sochi 2015}) 16. Qg4 Rh7 17. Rde1 O-O-O 18. Qe4 (18. b3 {feels hotter.} a5 19. c4 Qa6 20. Qe4 Rhh8 21. Qe2) 18... Nf6 19. Qe2 Qxe2 20. Rxe2 Bc7 21. c4 b5 (21... b6 $14) 22. b3 (22. cxb5 $16 cxb5 23. Rc1) 22... Kb7 23. Kc2 Rhh8 24. Bc3 Rhe8 25. Ne5 Re7 26. g4 a5 27. f3 Nd7 28. Rd1 Nf6 (28... Nxe5 $14 29. dxe5 Rxd1 30. Kxd1 Kb6) 29. f4 (29. a4 $16) 29... Ne8 (29... Bb6 $14) 30. Rg1 (30. a4 $16) 30... Nd6 31. Rge1 (31. a4 $16) 31... Ne8 32. a4 b4 33. Bb2 Nf6 34. Rd1 Nh7 35. Rg1 Nf6 36. Rd1 (36. Rh1 $14) 36... Ne8 (36... Nh7 $11) 37. Rh1 Bb6 38. Nf3 Bc7 39. Bc1 Rdd7 40. Rhe1 Nf6 41. Rg1 Rd8 42. Ree1 Red7 43. Re2 Ne8 (43... Re7 $11) 44. Rd1 (44. Ne5 $16 Bxe5 45. dxe5) 44... Nd6 (44... Nf6 $11) 45. Ne5 Re7 46. Rde1 Ne8 47. Bb2 Nf6 48. Rg1 Bb6 49. Rd1 Ba7 50. Rd3 Ne8 51. Nf3 (51. g5 $16) 51... Bb8 $11 52. Ne5 Nd6 (52... Ba7 $1 $11 {remains equal.}) 53. Rd1 Ne8 54. Rh1 Bc7 55. Rh3 Bb6 56. Rd3 ({Better is} 56. g5 $14) 56... Bc7 (56... Ba7 $11) 57. Rh3 (57. Rf3 $14) 57... Bb8 ({Black should play} 57... Bb6 $1 $11) 58. Rh1 (58. Nd3 $14) 58... Nd6 (58... Bc7 $11) 59. Rhe1 Ne8 60. Nd3 $36 {[%mdl 2048] White has strong initiative.} Nf6 61. f5 {[%cal Bf4f5,Bf5e6][%mdl 32]} Nxg4 62. fxe6 f5 (62... Nf6 $16 {was called for.}) 63. Rf1 $18 Rf8 64. Nc5+ Kc8 65. Nd7 Rfe8 (65... Rxd7 $142 66. exd7+ Kxd7) 66. Nxb8 $2 (66. d5 $18 {is the precise move to win.}) 66... Rxe6 $16 67. Rxe6 Rxe6 68. Bc1 Kxb8 69. Rxf5 Ne3+ 70. Bxe3 $1 Rxe3 71. Rxa5 {[%mdl 4096] Endgame KR-KR} Re2+ 72. Kc1 Re3 73. Kc2 Re2+ $1 74. Kd3 Rb2 75. d5 Rxb3+ 76. Kd4 {[#] Threatens to win with d6.} cxd5 77. cxd5 (77. Rxd5 Rb1 $16) (77. Kxd5 $6 Rh3 $16) 77... Rh3 $2 {[%mdl 8192]} (77... Rb1 $16 78. Kc5 b3) 78. Kc5 Rxh5 {[#]} 79. Kc6 $2 ({Weaker is} 79. Kxb4 g5 $14) (79. Rb5+ $1 $18 {and the rest is easy.} Kc8 80. a5 (80. Rxb4 Rh2 $16) (80. Kxb4 Rh4+ 81. Kb3 Rh3+ 82. Kb4 Rh4+ 83. Ka3 Rh3+ 84. Kb2 Rh2+ 85. Ka3 Rh3+ 86. Kb2 Rh2+ 87. Ka3 Rh3+ $11)) 79... Rf5 $2 {[%mdl 8192]} (79... Rh3 $16) 80. Rb5+ $18 Kc8 81. Rxb4 (81. d6 $142 Rf6 82. Re5) 81... Rf1 82. a5 g5 83. a6 {Intending a7 and mate.} Ra1 84. Kb6 h5 $2 (84... Kd7 85. a7 Kd6) 85. a7 g4 86. Rb5 $2 (86. Rf4 $18 Rb1+ 87. Kc5 Rc1+ 88. Rc4) 86... g3 $11 {White must now prevent ...g2.The position is equal.} 87. Rc5+ Kd7 {Strongly threatening ...Rxa7!} 88. Ra5 Rxa5 89. Kxa5 {KPP-KPP} g2 90. a8=Q {Qc6+ would kill now.} g1=Q {( -> ...Qa1+)} 91. Qc6+ Kd8 92. Qd6+ Kc8 93. Qe6+ Kd8 {Hoping for ...Qa7+.} 94. Qf6+ Kd7 95. Qf5+ Kc7 96. Qe5+ {Precision: White = 39%, Black = 33%.} 1/2-1/2

[Event "Winter 2018 CCCSA-GM B"]
[Site "Charlotte"]
[Date "2018.01.11"]
[Round "2"]
[White "Korley, Kassa"]
[Black "Shmeliov, Denis"]
[Result "1/2-1/2"]
[WhiteElo "2387"]
[BlackElo "2420"]
[Annotator "TA"]
[PlyCount "86"]
[EventDate "2018.01.11"]
[EventType "tourn"]
[EventCountry "USA"]
[SourceTitle "playchess.com"]
[Source "ChessBase"]
[SourceQuality "1"]

{[%evp 21,86,27,39,47,39,54,46,22,19,9,10,10,10,16,17,5,12,10,18,0,34,0,0,0,0,0,25,31,36,31,29,32,35,41,42,0,14,0,18,21,52,25,49,17,20,18,29,20,64,27,47,0,4,0,8,8,8,0,0,0,0,-19,-19,-19,-19,-15,-8]} 1. d4 d5 2. Nf3 Nf6 3. c4 c6 4. e3 Bf5 5. Nc3 e6 6. Nh4 Bg6 7. Qb3 {D12: Slav Defence: 3 Nf3 Nf6 4 e3 Bf5} (7. Nxg6 hxg6 8. Bd2 Nbd7 9. Qb3 Rb8 10. cxd5 cxd5 11. Bd3 a6 12. e4 dxe4 13. Nxe4 Nxe4 14. Bxe4 Rh4 15. f4 Bd6 {½-½ (32) Krasenkow,M (2651)-Sasikiran,K (2677) Germany 2017}) 7... Qc7 8. Nxg6 hxg6 9. g3 Nbd7 10. Bg2 Nb6 11. cxd5 exd5 {LiveBook: 9 Games} 12. O-O Bd6 13. a4 $146 ({Predecessor:} 13. Qc2 O-O-O 14. a4 Nbd7 {0-1 (43) Fernandez Diaz,C (2147)-Cruz,F (2387) Montcada 2015}) 13... a5 14. e4 dxe4 15. Nxe4 Nxe4 16. Bxe4 Bb4 17. Bg5 Qd7 18. h4 Nd5 19. Bxd5 cxd5 20. Rfe1+ Kf8 {Hoping for ...f6.} 21. Re5 f6 22. Rxd5 Qf7 $1 23. Be3 Re8 ({Much worse is} 23... Rh5 $6 24. Rxh5 Qxb3 25. Rh8+ Ke7 26. Rxa8 $16) (23... g5 $5) 24. Qa2 $1 g5 25. Rb5 $36 {[%mdl 2048] [#] Strongly threatening Qxf7+. White is pushing.} Qd7 26. Qd5 Qxd5 27. Rxd5 gxh4 28. g4 Kf7 29. Rc1 Re4 30. g5 h3 31. Rd7+ Kg6 32. gxf6 gxf6 33. Rxb7 Rg4+ 34. Kh1 h2 35. d5 Kf5 {[#]} 36. d6 $1 {[%mdl 512]} Bxd6 {The position is equal.} 37. Rb5+ Kg6 38. Rxa5 Rb8 39. Rd1 Be5 40. f3 Rg3 41. Rb5 Rxb5 42. axb5 Rxf3 43. Bd4 Bxd4 {Precision: White = 63%, Black = 68%.} 1/2-1/2

[Event "Winter 2018 CCCSA-GM B"]
[Site "Charlotte"]
[Date "2018.01.12"]
[Round "2"]
[White "Tiglon, Bryce"]
[Black "Gorovets, Andrey"]
[Result "0-1"]
[WhiteElo "2385"]
[BlackElo "2517"]
[Annotator "TA"]
[PlyCount "98"]
[EventDate "2018.01.11"]
[EventType "tourn"]
[EventCountry "USA"]
[SourceTitle "playchess.com"]
[Source "ChessBase"]
[SourceQuality "1"]

{[%evp 25,98,6,13,7,7,7,6,0,23,0,60,4,11,9,2,4,7,-16,-18,-13,0,-14,-20,-26,-17,-35,-23,-30,-24,-77,0,0,0,0,0,0,10,3,0,4,8,-81,-33,-33,-29,-141,-136,-154,-93,-123,-141,-147,-154,-269,-264,-239,-231,-312,-312,-468,-460,-1445,-1341,-755,-1243,-6536,-5937,-5535,-29975,-5639,-4822,-4678,-747,-29967,-32]} 1. e4 d6 2. d4 Nf6 3. Nc3 e5 4. Nf3 Nbd7 5. Bc4 Be7 6. a4 O-O 7. O-O c6 8. Re1 a5 9. h3 Nb6 {C41: Philidor Defence} 10. Ba2 Nfd7 11. Be3 exd4 12. Bxd4 Nc5 13. Bxc5 dxc5 {LiveBook: 59 Games} 14. Qe2 Qd6 15. Rad1 Qg6 16. Ne5 {[#]} Qf6 $146 ({Predecessor:} 16... Qg5 17. Nf3 {½-½ (53) Alekseev,E (2675)-Goganov,A (2608) St Petersburg 2014}) 17. Ng4 Qh4 (17... Bxg4 $11 18. Qxg4 Qg5) 18. Qf3 (18. e5 $1 $14) 18... Be6 19. Bxe6 fxe6 20. Qe3 Qg5 21. Qe2 c4 22. e5 h5 23. Ne4 Qg6 24. Nh2 Nxa4 25. Rd7 Bb4 26. c3 Nc5 27. Rc7 (27. Rd2 $11 Qxe4 28. Qxe4 Nxe4 29. Rxe4) 27... Nxe4 ({Black should play} 27... Nd3 $1 $17 {aiming for ...Rf4.} 28. cxb4 axb4) 28. Qxe4 $11 Qxe4 29. Rxe4 Bc5 30. Nf3 Rad8 31. Rxb7 {Black must now prevent Kf1.} Rd1+ 32. Kh2 Bxf2 33. Rxc4 {[#]} (33. Re2 $11 {keeps the balance.} Rf1 34. h4) 33... g5 $1 {[%cal Bg7g5,Bg5f4,Bf4g3][%mdl 544]} 34. Re7 $1 ({Don't go for} 34. Nxg5 $2 h4 $19) 34... Rf4 $36 {[%mdl 2048] Black is pushing.} 35. Rxf4 (35. Rxc6 $11 {was the only way to keep the balance.} h4 36. g4 (36. Re8+ $2 Kf7 $19)) 35... gxf4 {[%csl Gf4][%cal Rf2g3][%mdl 4096] Endgame KRB-KRN} 36. g4 fxg3+ $1 37. Kg2 Rb1 38. Rb7 a4 $1 {[%cal Ra4a3] Strongly threatening ...a3!} 39. Rb4 {[#]} (39. Ng5 $17 {keeps fighting.}) 39... c5 $1 $19 {[%cal Rc5b4]} 40. Rxa4 Rxb2 41. Ra8+ Kg7 42. Ra7+ (42. c4 {was necessary.}) 42... Kg6 43. Rd7 (43. h4 $142) 43... Be1+ 44. Kg1 Bxc3 45. Rd3 Ba5 46. Nh4+ Kg5 47. Nf3+ Kf4 {( -> ...c4)} 48. Nh4 Kxe5 (48... Ke4 $142 49. Rxg3 Be1) 49. Rd1 Bd2 $2 {Precision: White = 30%, Black = 55%.} (49... c4 {mates} 50. Ng2 c3 51. Re1+ Kd4 52. Ne3 h4 53. Kh1 Kd3 54. Ng4 g2+ 55. Kh2 Bc7+ 56. Ne5+ Bxe5+ 57. Rxe5 {[#]} g1=Q+ $1 {[%mdl 512]} 58. Kxg1 c2 59. Rc5 Rb1+ 60. Kg2 c1=Q 61. Rxc1 Rxc1 62. Kf3 Rc4 63. Kf2 e5 64. Kf3 Rf4+ 65. Kg2 e4 66. Kh1 e3 67. Kg2 e2 68. Kh2 Rf2+ 69. Kh1 e1=Q#) 0-1

[Event "Winter 2018 CCCSA-GM B"]
[Site "Charlotte"]
[Date "2018.01.12"]
[Round "3"]
[White "Gorovets, Andrey"]
[Black "Zierk, Steven"]
[Result "1/2-1/2"]
[WhiteElo "2517"]
[BlackElo "2494"]
[Annotator "TA"]
[PlyCount "33"]
[EventDate "2018.01.11"]
[EventType "tourn"]
[EventCountry "USA"]
[SourceTitle "playchess.com"]
[Source "ChessBase"]
[SourceQuality "1"]

{[%evp 14,15,32,18]} 1. Nf3 Nf6 2. c4 c6 3. g3 d5 4. Bg2 g6 5. b3 Bg7 6. Bb2 O-O 7. O-O Nbd7 8. d4 {Predecessor:} Ne4 $146 9. e3 a5 10. Ne1 a4 11. Nd3 axb3 12. axb3 Rxa1 13. Bxa1 Qa5 14. Bb2 Ndf6 15. c5 Ng4 16. Qe2 Bh6 17. Bc1 {1-0 (62) Carlsen,M (2840)-Gupta,A (2645) chess.com INT 2017} 1/2-1/2

[Event "Winter 2018 CCCSA-GM B"]
[Site "Charlotte"]
[Date "2018.01.12"]
[Round "3"]
[White "Khamrakulov, Djurabek"]
[Black "Burke, John M"]
[Result "1-0"]
[WhiteElo "2498"]
[BlackElo "2514"]
[Annotator "TA"]
[PlyCount "89"]
[EventDate "2018.01.11"]
[EventType "tourn"]
[EventCountry "USA"]
[SourceTitle "playchess.com"]
[Source "ChessBase"]
[SourceQuality "1"]

{[%evp 17,89,0,0,0,0,0,0,-3,0,0,0,0,0,0,8,11,16,12,16,31,43,48,41,42,32,38,72,50,43,56,87,84,119,120,171,160,157,154,163,155,224,206,278,275,266,263,841,823,749,552,869,829,781,737,12839,12839,12842,12843,12843,12843,12843,12843,12847,12847,12848,12849,12849,12850,12851,29973,12851,29980,12851,29980]} 1. e4 e5 2. Nf3 Nc6 3. d4 exd4 4. Nxd4 Nf6 5. Nc3 Bb4 6. Nxc6 bxc6 7. Bd3 d5 8. exd5 O-O 9. O-O cxd5 10. h3 {C47: Scotch Four Knights and Four Knights with 4 g3} (10. Bg5 c6 11. Na4 h6 12. Bh4 Re8 13. c4 dxc4 14. Bxc4 Qxd1 15. Rfxd1 g5 16. Bg3 Ne4 17. a3 Bf8 18. Rac1 Nxg3 19. hxg3 Rb8 20. b4 Bf5 21. Bd3 Bxd3 22. Rxd3 {½-½ (36) Artemiev,V (2691)-Carlsen,M (2837) Riadh 2017}) 10... c6 11. Qf3 Re8 12. Bf4 {The position is equal.} Bd6 13. Rae1 Be6 $146 ({Predecessor:} 13... Rxe1 14. Rxe1 Bxf4 15. Qxf4 Be6 16. Bf5 Bxf5 17. Qxf5 Qd6 18. Qe5 {½-½ (18) Espinosa Aranda,A (2446)-Quintin Navarro,A (2349) La Roda 2017}) 14. Ne2 Bxf4 15. Nxf4 Qa5 16. a3 Qb6 17. b3 Bd7 18. c4 d4 19. b4 $36 {[%mdl 2048] White has the initiative.} c5 20. Nd5 Nxd5 21. Qxd5 Be6 22. Qxc5 Qxc5 23. bxc5 Rec8 24. Re5 Rab8 25. Rd1 Rb3 {[#]} (25... Rc7 $16 {keeps fighting.}) 26. Be4 $1 $18 Rxa3 27. Rxd4 Kf8 28. c6 (28. Bxh7 $6 Ra5 $16) 28... Ke7 (28... Ra4 $16 {was worth a try.} 29. Rc5 (29. Bxh7 Rxc6 30. Bd3 g6 $16) 29... Rc7) 29. f4 {aiming for f5.} g6 30. g4 {[%cal Bg2g4,Bg4f5][%mdl 32]} Rc7 31. Bd5 Rxh3 $2 (31... Kf6 32. g5+ Ke7) 32. f5 gxf5 33. gxf5 Rg3+ 34. Kh2 Rg5 35. Rde4 ({Weaker is} 35. Bxe6 Kf6 $16) 35... Kf6 36. fxe6 Rxe5 37. exf7 Rc8 38. Rxe5 Kxe5 {[%mdl 4096] Endgame [#] KR-KB} 39. c7 $1 {[%mdl 512]} Kf6 (39... Rxc7 40. f8=Q) 40. Bb7 Rf8 41. c8=Q Rxc8 42. Bxc8 Kxf7 43. c5 a5 44. Bd7 (44. c6 $18 Ke7 45. Ba6) 44... Kf6 45. Ba4 {Precision: White = 100%, Black = 36%.} 1-0

[Event "Winter 2018 CCCSA-GM B"]
[Site "Charlotte"]
[Date "2018.01.11"]
[Round "3"]
[White "Zapata, Alonso"]
[Black "Ostrovskiy, Aleksandr"]
[Result "1-0"]
[WhiteElo "2422"]
[BlackElo "2391"]
[Annotator "TA"]
[PlyCount "117"]
[EventDate "2018.01.11"]
[EventType "tourn"]
[EventCountry "USA"]
[SourceTitle "playchess.com"]
[Source "ChessBase"]
[SourceQuality "1"]

{[%evp 26,117,0,8,36,31,42,38,36,16,9,13,0,0,3,-1,6,6,6,6,14,6,20,0,6,8,7,8,9,12,12,11,30,-6,0,-12,0,0,0,0,0,0,0,0,0,0,0,0,-8,-15,-17,-29,0,-258,78,102,366,328,446,396,428,421,405,378,492,493,474,463,632,617,574,520,647,629,1188,1124,1260,1204,1762,1640,1489,1474,1508,1307,2107,1985,1205,1114,3474,3226,29983,29983,29986,29987]} 1. e4 c6 2. d4 d5 3. Nc3 dxe4 4. Nxe4 Bf5 5. Ng3 Bg6 6. h4 h6 7. Nf3 Nd7 8. h5 Bh7 9. Bd3 Bxd3 10. Qxd3 e6 11. Bd2 Ngf6 12. O-O-O Be7 13. Kb1 O-O 14. Ne4 Nxe4 {B19: Classical Caro-Kann: 4...Bf5 main line} (14... c5 15. g4 Nxg4 16. Qe2 Qb6 17. Ne5 Ndxe5 18. dxe5 f5 19. exf6 Nxf6 20. Nc3 Rad8 21. Rhg1 Kh8 22. Rg6 {½-½ (38) Saric,I (2662)-Nisipeanu,L (2672) Heraklio 2017}) 15. Qxe4 Nf6 16. Qe2 Qd5 {White is slightly better.} 17. Be3 Qb5 18. c4 Qf5+ 19. Ka1 c5 {[#]} 20. dxc5 $146 ({Predecessor:} 20. Nh4 Qh7 21. g4 cxd4 22. Bxd4 {½-½ (42) Abasov,N (2511)-Tari,A (2518) Khanty-Mansiysk 2015}) 20... Bxc5 21. Bxc5 Qxc5 22. Ne5 Rad8 23. g4 Qc7 24. f4 Rxd1+ 25. Rxd1 Rd8 26. a3 Rxd1+ 27. Qxd1 a6 28. Qd4 Ne8 29. b3 f6 30. Nd3 (30. Nf3 {seems wilder.} Qc6 31. Qe3 Kf7 32. Kb2 Nd6 33. Kc3) 30... Qa5 31. a4 {Threatening Qd7.} Qd2 32. Qe4 Kf8 33. Nb2 Qd7 34. Nd3 f5 35. gxf5 exf5 36. Qe3 Nf6 37. Kb2 Nxh5 38. Ne5 Qd6 39. Qf3 $2 {[%mdl 8192]} (39. Kc2 $1 $11) 39... Nf6 $2 (39... Qd4+ $19 40. Ka3 Nxf4 41. Qxf4 Qxf4 42. Ng6+ Kf7 43. Nxf4 g5) 40. Qxb7 $16 {[%csl Ge5][%cal Rb7f7] [#]} Qd2+ $2 {[%mdl 8192]} (40... Qd4+ $16 {was called for.} 41. Ka2 Qf2+ 42. Ka3 Qc5+ 43. Qb4 Qxb4+ 44. Kxb4 Ke7) 41. Ka3 $18 {[%csl Ge5][%cal Rb7f7]} Qc1+ 42. Kb4 {[%csl Ge5][%cal Rb7f7]} Qd2+ {[#]} 43. Kc5 $1 {[%csl Ge5][%cal Rb7f7]} Ne4+ 44. Kb6 {[%csl Ge5][%cal Rb7f7]} Qd4+ 45. Ka5 {[%csl Ge5][%cal Rb7f7]} Qd8+ 46. Qb6 {[%cal Rb6d8]} Qc8 47. Qxa6 Qc5+ 48. Qb5 {Black must now prevent Nd7+.} Qa7+ 49. Kb4 Qe7+ 50. c5 {aiming for Ng6+.} Kg8 51. Qc6 Qf8 52. Qe6+ Kh7 53. Nd7 Qa8 54. Qxf5+ Kg8 55. Qe6+ Kh8 56. c6 {[%cal Bc5c6,Bc6c7][%mdl 32]} Nf2 57. Qc4 Qe8 58. c7 Qe7+ 59. Ka5 {Precision: White = 67%, Black = 35%.} 1-0

[Event "Winter 2018 CCCSA-GM B"]
[Site "Charlotte"]
[Date "2018.01.11"]
[Round "3"]
[White "Jacobson, Brandon"]
[Black "Kadric, Denis"]
[Result "0-1"]
[WhiteElo "2376"]
[BlackElo "2502"]
[Annotator "TA"]
[PlyCount "94"]
[EventDate "2018.01.11"]
[EventType "tourn"]
[EventCountry "USA"]
[SourceTitle "playchess.com"]
[Source "ChessBase"]
[SourceQuality "1"]

{[%evp 11,94,51,56,41,53,29,35,31,35,14,8,11,4,10,21,0,36,33,26,16,20,22,36,0,5,-36,-33,-19,-20,-23,-9,-44,0,0,0,0,0,-70,0,0,0,-74,-82,-72,-66,-71,-80,-112,-130,-227,-229,-416,-296,-310,-298,-297,-305,-306,-285,-362,-354,-581,-570,-567,-556,-613,-565,-816,-816,-805,-764,-660,-635,-12844,-816,-12839,-12839,-12841,-12841,-12841,-12842,-12842,-12843,-12842,-12843]} 1. d4 d6 2. Nf3 g6 3. c4 Bg7 4. Nc3 e5 5. e4 Bg4 6. d5 a5 7. Be2 {A42: Modern Defence: Averbakh Variation} Nd7 8. Be3 Bxf3 9. Bxf3 {White is slightly better.} h5 10. h4 $146 ({Predecessor:} 10. Qd2 Bh6 11. O-O-O Qf6 12. Nb5 Kd8 13. Kb1 Bxe3 14. Qxe3 Qf4 {1-0 (37) Rodriguez Cespedes,A (2430)-Nurmi,P (2240) Mexico City 1978}) 10... Bh6 11. Qd2 Nc5 12. O-O-O Qe7 13. Bg5 f6 14. Bxh6 Nxh6 {[%cal Bg8h6,Bh6f5,Bf5d4][%mdl 32]} 15. Rdg1 Qd7 16. Kb1 f5 17. Qg5 Qf7 18. exf5 (18. Bd1 {feels hotter.} fxe4 19. Bc2 Qf5 20. Qd2 O-O-O 21. f3) 18... Qxf5+ 19. Qxf5 Nxf5 20. g4 Nd4 21. Bd1 (21. Be4 $5) 21... O-O-O (21... Nd3 $5 {[%cal Rd3f2]} 22. gxh5 Nxf2 23. Ba4+ Ke7 $15) 22. gxh5 gxh5 23. Rg5 $1 Rhf8 24. Rf1 (24. Bxh5 $11 Rxf2 25. Rg3) 24... Nf5 25. Rh1 Nd4 26. Rf1 Rf4 27. Rxh5 Rdf8 28. a3 Nd3 {[%mdl 1024] Black has strong compensation.} (28... Rxf2 29. Rxf2 Rxf2 30. Rh8+ Kd7 31. Bg4+ Ke7 32. Rh7+ Rf7 33. Rxf7+ Kxf7 34. Ne2 $15) 29. Ba4 Kb8 30. Nd1 (30. Bc2 $17 Nxf2 31. Re1) 30... Nf3 $19 {[#] Strongly threatening ...Nc5.} 31. Kc2 $2 (31. Ka1) 31... Nc5 32. b3 Nxa4 (32... Nxh4 33. Rh1 $19) 33. bxa4 Rxc4+ 34. Nc3 Nxh4 ({But not} 34... Rxh4 35. Rxh4 Nxh4 36. Kd1 $19) 35. f4 Nf5 ({Weaker is} 35... Rcxf4 36. Rxf4 Rxf4 37. Nb5 $17) 36. Kb3 $2 {[#]} (36. Rh3 {was called for.}) 36... Rxc3+ $1 {[%mdl 512] Black is clearly winning.} 37. Kxc3 {fxe5 is the strong threat.} Ng3 $1 {[%csl LRf1,LRf4,LRh5]} 38. fxe5 Nxf1 {[%mdl 4096] Endgame KRN-KR} 39. e6 Ne3 40. Kd4 Nf5+ 41. Kc4 Ne7 42. Kb5 Rf5 43. Rxf5 Nxf5 44. Kxa5 Ne7 45. Kb5 Nxd5 46. a5 c6+ 47. Kc4 Kc7 {Precision: White = 31%, Black = 70%.} 0-1

[Event "Winter 2018 CCCSA-GM B"]
[Site "Charlotte"]
[Date "2018.01.12"]
[Round "3"]
[White "Gauri, Shankar"]
[Black "Tiglon, Bryce"]
[Result "1/2-1/2"]
[WhiteElo "2345"]
[BlackElo "2385"]
[Annotator "ChessBase"]
[PlyCount "134"]
[EventDate "2018.01.11"]
[EventType "tourn"]
[EventCountry "USA"]
[SourceTitle "playchess.com"]
[Source "ChessBase"]
[SourceQuality "1"]
[TimeControl "5400+30"]

1. c4 e5 2. Nc3 Nf6 3. Nf3 Nc6 4. d3 d5 5. cxd5 Nxd5 6. g3 Be7 7. Bg2 Nb6 8. Be3 O-O 9. O-O Re8 10. Rc1 Bf8 11. Na4 Nd5 12. Bc5 Bxc5 13. Nxc5 b6 14. Qa4 Ncb4 15. a3 bxc5 16. axb4 cxb4 17. e4 Nb6 18. Qxb4 Bg4 19. Rc3 Nd7 20. Qa5 Qb8 21. b4 Bxf3 22. Bxf3 Nf8 23. Bg4 Qd8 24. Qxc7 Qg5 25. Bf5 Qh5 26. Kg2 g6 27. Bh3 h6 28. f4 exf4 29. Qxf4 Re7 30. Bg4 Qb5 31. Qd6 Qb7 32. Rfc1 Rb8 33. Rc8 Re8 34. Rxe8 Rxe8 35. Rc7 Qb8 36. Qf4 f6 37. Qd6 Qd8 38. Qxd8 Rxd8 39. Rxa7 Rxd3 40. b5 Rb3 41. Rb7 h5 42. Be2 Rb2 43. Kf1 Rb4 44. Re7 g5 45. Re8 Kg7 46. e5 fxe5 47. Rxe5 Kf6 48. Rd5 Ne6 49. Bxh5 Nc7 50. Rd6+ Ke7 51. Rg6 Rxb5 52. Rg7+ Kd6 53. Be2 Rc5 54. Rg6+ Ke7 55. Rg7+ Kf6 56. Rd7 Ne6 57. Kf2 Rc2 58. Ke3 Ra2 59. Bc4 Ra3+ 60. Rd3 Rxd3+ 61. Kxd3 Ng7 62. Ke4 Nf5 63. Bd3 Nh6 64. Kd5 Ng4 65. h3 Nf2 66. Bf1 g4 67. hxg4 Nxg4 1/2-1/2

[Event "Winter 2018 CCCSA-GM B"]
[Site "Charlotte"]
[Date "2018.01.11"]
[Round "4"]
[White "Burke, John M"]
[Black "Zapata, Alonso"]
[Result "1-0"]
[WhiteElo "2514"]
[BlackElo "2422"]
[Annotator "TA"]
[PlyCount "53"]
[EventDate "2018.01.11"]
[EventType "tourn"]
[EventCountry "USA"]
[SourceTitle "playchess.com"]
[Source "ChessBase"]
[SourceQuality "1"]

{[%evp 21,53,38,70,52,104,61,76,24,31,0,10,11,20,-12,0,-179,-180,-175,-196,-202,0,-50,0,0,187,174,174,212,311,275,343,336,323,319]} 1. e4 c5 2. Nf3 e6 3. d4 cxd4 4. Nxd4 a6 5. Bd3 Nf6 6. O-O Qc7 7. Qe2 d6 8. f4 Nbd7 9. c4 Be7 10. Nc3 O-O 11. Be3 Re8 {LiveBook: 9 Games. B42: Sicilian: Kan Variation: 5 Bd3} 12. Rae1 Bf8 (12... e5 $14) 13. Kh1 $146 ({Predecessor:} 13. Bc2 g6 14. Ba4 Bg7 15. Kh1 Rf8 16. Nf3 Nb6 17. Bb3 Nfd7 18. e5 dxe5 19. fxe5 {1-0 (43) Solodovnichenko,Y (2574)-Galego,L (2462) LLucmajor 2014}) 13... g6 {White is slightly better.} 14. Bg1 ({White should try} 14. Nf3 $16) 14... Bg7 $11 15. e5 Nh5 $1 {[%cal Rd6e5]} 16. exd6 Qxd6 17. Ne4 Qc7 18. f5 $2 (18. Nc3 $11 {and White has nothing to worry.}) 18... exf5 $19 19. Nxf5 gxf5 20. Rxf5 {[#]} Nf4 $2 ({Better is} 20... Ne5 $1 $19 21. Rg5 h6 22. Rxg7+ Kxg7 23. Qxh5 Bg4) 21. Qg4 Ng6 {[#] White must now prevent ...Nde5.} 22. Rxf7 $1 {[%mdl 512]} Nde5 $2 (22... Qd8 $11 {and Black is okay.} 23. Qh5 Ndf8 24. Rxf8+ Bxf8 25. Nf6+ Qxf6 26. Rxe8 Qf7) (22... Kxf7 23. Ng5+) 23. Qxg6 $1 $18 (23. Rxc7 Bxg4 24. Bf1 Re7 $17) 23... hxg6 24. Rxc7 {aiming for Nd6.} Bd7 ({Not} 24... Nxd3 {[#]} 25. Nf6+ $1 {[%mdl 512]} Kh8 26. Rxe8+ Bf8 27. Rxf8#) (24... Bf5 $142 25. Bb1 Rad8) 25. Bc2 {White has a decisive advantage.} Bc6 26. Nd6 Red8 27. c5 {Precision: White = 37%, Black = 46%.} ({Much less strong is} 27. Nxb7 Rd2 $18) 1-0